00959nam a2200277Ia 4500003000400000005001700004006001800021007000300039008004100042024001100083037001100094040001800105041001300123100002600136110008900162245016100251260000900412300001900421650001700440700003500457700003300492700003600525700008900561942001200650999001900662OSt20220930090233.0a|||||r|||| 00| 0ta220926b |||||||| |||| 00| 0 eng d a109072 cTheses aCRLcCRLbeng 2engaeng aKaushik Nitin9542146 aUniversity of Delhi. Faculty of Medical Sciences. Department of Pharmacology9522434 0aComparison of effect of ADD on therapy of sitagliptin versus pioglitazone in patients of type 2 diabetes mellitus inadequately controlled on metformin alone c2010 a107p.ap.ccm. aPHARMACOLOGY a Dr. Alpana Saxena Gu.9536924 a Dr. N. P. Singh Gu.9525771 a Dr. Shalini Chawla Gu.9541575 aUniversity of Delhi. Faculty of Medical Sciences. Department of Pharmacology9522436 cDIS2CC c880250d880250